Hướng dẫn chẩn đoán và điều trị bệnh bằng y học hạt nhân :Ban hành kèm theo Quyết định số 5204/QĐ-BYT ngày 18/12/2014 của Bộ trơngr Bộ Y tế

Tài liệu được xây dựng với sự nỗ lực cao của các nhà khoa học đầu ngành về Y học hạt nhân của Việt Nam. Tài liệu gồm 22 bài hướng dẫn chẩn đoán và điều trị bệnh bằng Y học hạt nhân. Trong đó, tập trung vào hướng dẫn thực hành chẩ...

Полное описание

Сохранить в:
Библиографические подробности
Главный автор: Nguyễn Thị Xuyến (Chủ biên)
Соавтор: Bộ Y tế
Другие авторы: Nguyễn Quốc Anh (Đồng Chủ biên), Mai Trọng Khoa (Đồng Chủ biên), Lương Ngọc Khuê (Đồng Chủ biên)
Формат:
Язык:Vietnamese
Опубликовано: H. Y học 2016
Метки: Добавить метку
Нет меток, Требуется 1-ая метка записи!
Thư viện lưu trữ: Thư viện Trường Đại học Nam Cần Thơ
LEADER 02144nam a22002657a 4500
001 NCT_30550
008 180416b xxu||||| |||| 00| 0 vie d
999 |c 1470  |d 1470 
020 |a 9786046618096  |c 65000 
082 0 4 |2 23rd ed.  |a 616.07  |b X527 
100 1 |a Nguyễn Thị Xuyến  |e Chủ biên 
245 1 0 |a Hướng dẫn chẩn đoán và điều trị bệnh bằng y học hạt nhân  |b :Ban hành kèm theo Quyết định số 5204/QĐ-BYT ngày 18/12/2014 của Bộ trơngr Bộ Y tế  |c Nguyễn Thị Xuyến, Nguyễn Quốc Anh, Mai Trong Khoa. Lương Ngọc Khuê 
260 |a H.  |b Y học  |c 2016 
300 |a 115tr.  |c 27cm 
520 3 |a Tài liệu được xây dựng với sự nỗ lực cao của các nhà khoa học đầu ngành về Y học hạt nhân của Việt Nam. Tài liệu gồm 22 bài hướng dẫn chẩn đoán và điều trị bệnh bằng Y học hạt nhân. Trong đó, tập trung vào hướng dẫn thực hành chẩn đoán và điều trị, vì vậy sẽ rất hữu ích cho các thầy thuốc đa khoa, chuyên khoa trong thực hành lâm sàng hàng ngày. 
700 1 |a Nguyễn Quốc Anh  |e Đồng Chủ biên 
700 1 |a Mai Trọng Khoa  |e Đồng Chủ biên 
700 1 |a Lương Ngọc Khuê  |e Đồng Chủ biên 
710 2 |a Bộ Y tế 
942 |2 ddc  |c BK 
952 |0 0  |1 0  |2 ddc  |4 0  |6 616_070000000000000_X527  |7 0  |9 7075  |a 000001  |b 000001  |d 2018-04-16  |o 616.07 X527  |p MD.10856  |r 2018-04-16  |v 65000.00  |w 2018-04-16  |y BK 
952 |0 0  |1 0  |2 ddc  |4 0  |6 616_070000000000000_X527  |7 0  |9 7076  |a 000001  |b 000001  |d 2018-04-16  |o 616.07 X527  |p MD.11704  |r 2018-04-16  |v 65000.00  |w 2018-04-16  |y BK 
952 |0 0  |1 0  |2 ddc  |4 0  |6 616_070000000000000_X527  |7 0  |9 7077  |a 000001  |b 000001  |d 2018-04-16  |o 616.07 X527  |p MD.11705  |r 2018-04-16  |v 65000.00  |w 2018-04-16  |y BK 
952 |0 0  |1 0  |2 ddc  |4 0  |6 616_070000000000000_X527  |7 0  |9 7078  |a 000001  |b 000001  |d 2018-04-16  |o 616.07 X527  |p MD.11706  |r 2018-04-16  |v 65000.00  |w 2018-04-16  |y BK 
980 |a Thư viện Trường Đại học Nam Cần Thơ